000 00394nam a2200145Ia 4500
008 230411s9999 xx 000 0 und d
020 _a81 7381 165 2
041 _aeng
082 _aOG/618.207/DUT/B04296
100 _aDutta D C
245 _aGuide to Clinical Obstetrics and Gynaecology
260 _bNew Central Book Agency
_aKolkata
_c1996
300 _a525p
999 _c154991
_d154991